000 00655nam a22001817a 4500
005 20240621112556.0
010 _aHIN-127861
020 _a9788188121106
_c700.00
035 _aHN-100207
037 _bDBAD
082 _a821
245 _aसंत मलूक ग्रंथावली /
_cबलदेव वंशी
260 _aदिल्ली
_bपरमेशवरी प्रकाशन
_c2023
270 _aबी-109, प्रीत विहार
_bनई दिल्ली
_e110092
300 _a332 पिष्ट.
_c22 (सजिल्द)
700 _967619
942 _cHN
_2ddc
_h821
_mसंतम
999 _c203646
_d203646